Hereditatis petitio possessoria
Guardat en:
| Autor principal: | |
|---|---|
| Format: | Llibre |
| Idioma: | italià |
| Publicat: |
Nápoles
Jovene
1972
|
| Col·lecció: | Pubblicazioni della Facoltà Giuridica dell'Università di Bari, 32
|
| Matèries: | |
| Etiquetes: |
Afegir etiqueta
Sense etiquetes, Sigues el primer a etiquetar aquest registre!
|
MARC
| LEADER | 00000nam a2200000 a 4500 | ||
|---|---|---|---|
| 001 | UCR0970 | ||
| 003 | CL-VaPUC | ||
| 008 | 971205e19720000IT |||||||||||||||||ita|d | ||
| 082 | 0 | 4 | |a 340.54 |b QUA |2 21 |
| 100 | 0 | |a Quadrato, Renato |e author |9 397654 | |
| 245 | 1 | 0 | |a Hereditatis petitio possessoria |
| 300 | |a 110 p | ||
| 942 | |c BK | ||
| 945 | |d 19971205 00:00:00 |a aolguin | ||
| 260 | |a Nápoles |b Jovene |c 1972 | ||
| 650 | 0 | |a Derecho romano |9 255930 | |
| 650 | 0 | |a Derecho sucesorio |9 255015 | |
| 650 | 0 | |a Herencia |9 256325 | |
| 650 | 0 | |a Posesión |9 258681 | |
| 650 | 0 | |a Digestos |9 395744 | |
| 650 | 0 | |a Bienes |9 255749 | |
| 583 | |a last modification |c 19971205 00:00:00 |k Rodrigo Vera | ||
| 490 | 0 | |a Pubblicazioni della Facoltà Giuridica dell'Università di Bari, 32 | |
| 999 | |c 264467 |d 264465 | ||
| 952 | |0 0 |1 0 |4 0 |6 340_540000000000000_QUA_1972 |7 0 |8 DER_ROM |9 294745 |a BIBDER |b BIBDER |d 2019-11-19 |i 1909355 |o 340.54 QUA 1972 |p 1909355 |r 2023-01-25 |w 2019-11-19 |x Ubicación 4to piso |y BK |z Este recurso debe solicitarse con anticipación |k DER | ||